| 000 | 00422nam a2200181Ia 4500 | ||
|---|---|---|---|
| 001 | 12576 | ||
| 005 | 20260306162952.0 | ||
| 008 | 260306t2022||||xx |||||||||||||| ||spa|| | ||
| 041 | _aESP | ||
| 082 |
_aHR 348 _bINDEX SL |
||
| 110 | _aGaceta Jurídica | ||
| 245 | 0 | _aÍndex soluciones laborales | |
| 260 | _c2022 | ||
| 300 |
_a205 páginas : _c25 cm. |
||
| 650 | _aGEN | ||
| 654 | _aCDE | ||
| 942 |
_cLIB _dJUS _fJUS _2ddc _n |
||
| 999 |
_c12576 _d12576 |
||